Maze - level easy #2 - Statistics

General Stats
  • This quiz has been taken 26 times
  • The average score is 51 of 60
Answers on the Map
Answers color-coded by a green-red scale on the quiz's map according to % correct below.
 
Answer Stats
Answer % Correct
a|q
96%
a|q
96%
a|q
96%
d
96%
d
96%
d
96%
d
96%
s
96%
s
96%
s
96%
s
96%
s
96%
s
96%
s
96%
s
96%
s
96%
w|z
96%
a |q
92%
d
92%
d
92%
s
92%
s
92%
s
92%
w|z
92%
w|z
92%
d
88%
d
88%
d
88%
w|z
88%
d
83%
d
83%
s
83%
s
83%
s
83%
s
83%
s
83%
w|z
83%
w|z
83%
w|z
83%
a|q
79%
s
79%
s
79%
s
79%
s
79%
a|q
75%
a|q
75%
a|q
75%
a|q
75%
a|q
75%
a|q
75%
a|q
75%
d
75%
s
75%
s
75%
s
75%
s
75%
s
75%
w|z
75%
w|z
75%
w|z
75%
No matching quizzes found
Score Distribution
Percent of People with Each Score
Percentile by Number Answered
Your Score History
You have not taken this quiz